000
00304nam a2200157Ia 4500
100
_a
Elliot/Jay
650
_a
Fiction
942
_c
BK
366
_f
20
245
_a
Steve Jobs Way
260
_b
Jaico
_c
2011
082
_a
808.8
_b
ELL
300
_a
259
546
_a
ENGLISH
_c
Computers
999
_c
25171
_d
25171